Priemysel v Nitre: globálny, národný a regionálny kontext
Salvato in:
| Autore principale: | |
|---|---|
| Ente Autore: | |
| Altri autori: | |
| Natura: | Libro |
| Lingua: | slovacco |
| Pubblicazione: |
Bratislava
Univerzita Komenského v Bratislave
2019
|
| Edizione: | 1. vydanie |
| Soggetti: | |
| Tags: |
Nessun Tag, puoi essere il primo ad aggiungerne!!
|
MARC
| LEADER | 00000nam a2200000 4500 | ||
|---|---|---|---|
| 001 | 0262589 | ||
| 005 | 20240221113121.1 | ||
| 020 | |a 978-80-223-4829-4 | ||
| 041 | 0 | |a slo | |
| 044 | |a SK | ||
| 245 | 1 | 0 | |a Priemysel v Nitre: globálny, národný a regionálny kontext |c Pavol Korec, Dagmar Popjaková |
| 250 | |a 1. vydanie | ||
| 264 | 1 | |a Bratislava |b Univerzita Komenského v Bratislave |c 2019 | |
| 300 | |a 210 s. | ||
| 610 | 2 | 0 | |a krajiny tranzitívne |
| 610 | 2 | 0 | |a rozvoj regionálny |
| 610 | 2 | 0 | |a mestá |
| 610 | 2 | 0 | |a história |
| 610 | 2 | 0 | |a industrializácia |
| 610 | 2 | 0 | |a urbanizácia |
| 610 | 2 | 0 | |a transformácia |
| 610 | 2 | 0 | |a rozvoj hospodársky |
| 610 | 2 | 0 | |a investície zahraničné |
| 610 | 2 | 0 | |a priemysel automobilový |
| 610 | 2 | 0 | |a inovácia |
| 610 | 2 | 0 | |a ekonomika vedomostná |
| 610 | 2 | 0 | |a veda |
| 610 | 2 | 0 | |a výskum |
| 610 | 2 | 0 | |a podnik priemyselný |
| 610 | 2 | 0 | |a spoločnosť postindustriálna |
| 610 | 2 | 0 | |a globalizácia |
| 610 | 2 | 0 | |a Slovensko |
| 100 | 1 | |a Korec, Pavol | |
| 700 | 1 | |a Popjaková, Dagmar | |
| 710 | 2 | |a Univerzita Komenského v Bratislave. Prírodovedecká fakulta | |